Trade slump hits Chinese logistics sector (Record no. 81909)

MARC details
000 -LEADER
fixed length control field 00871cab a22002175a 4500
001 - CONTROL NUMBER
control field L148620
008 - FIXED-LENGTH DATA ELEMENTS--GENERAL INFORMATION
fixed length control field 091013s2009 xxkd f 000 0 eng d
035 ## - SYSTEM CONTROL NUMBER
System control number (Sirsi) u148620
041 0# - LANGUAGE CODE
Language code of text/sound track or separate title eng
110 2# - MAIN ENTRY--CORPORATE NAME
Corporate name or jurisdiction name as entry element Asia Property
9 (RLIN) 5589
245 00 - TITLE STATEMENT
Title Trade slump hits Chinese logistics sector
260 ## - PUBLICATION, DISTRIBUTION, ETC.
Date of publication, distribution, etc. 2009
490 #0 - SERIES STATEMENT
Series statement Asia Property
Volume/sequential designation September 2009, 26(1)
520 ## - SUMMARY, ETC.
Summary, etc. Shrinking global trade has hit the logistics and industrial property sector in China's major cities in second quarter 2009. Sydney's shopping centres have come off relatively unscathed in the economic downturn compared to its high street retail sector. Table covers prime Asian rents and yields Q2 2009.
590 ## - LOCAL NOTE (RLIN)
Local note KA
651 #4 - SUBJECT ADDED ENTRY--GEOGRAPHIC NAME
Geographic name China
651 #4 - SUBJECT ADDED ENTRY--GEOGRAPHIC NAME
Geographic name Australia
651 #4 - SUBJECT ADDED ENTRY--GEOGRAPHIC NAME
Geographic name Asia Pacific
690 ## - LOCAL SUBJECT ADDED ENTRY--TOPICAL TERM (OCLC, RLIN)
Topical term or geographic name as entry element PROPERTY-COMMERCIAL PROPERTY-COMMERCIAL PROPERTY FINANCE AND INVESTMENT
942 ## - ADDED ENTRY ELEMENTS (KOHA)
Suppress in OPAC 0
Holdings
Withdrawn status Lost status Source of classification or shelving scheme Damaged status Not for loan Home library Current library Shelving location Date acquired Total Checkouts Full call number Barcode Date last seen Copy number Price effective from Koha item type
    Dewey Decimal Classification     London London Journal article 13/10/2009   L148620 148620-1001 06/08/2019 1 06/08/2019 Journal article